| 000 | 00964 a2200205 4500 | ||
|---|---|---|---|
| 003 | Nust | ||
| 005 | 20220721093738.0 | ||
| 010 | _a 78366024 | ||
| 020 | _a0273404555 | ||
| 040 | _cNust | ||
| 082 | 0 | 0 | _a 004,EME |
| 100 | 1 |
_aEmery, Glyn. _994223 |
|
| 245 | 1 | 0 |
_aElectronic data processing / _cGlyn Emery |
| 260 |
_aLondon, _bPitman, _c1968. |
||
| 300 |
_axii, 344 p. _billus. _c23 cm. |
||
| 505 | _aWhat Is Data Processing (Page-1), Some Fundamental Ideas (Page-15), Instructions (Page-36), Modifying And Counting (Page-61), Subroutines (Page-74), How Programs Are Assembled (Page-88), How Programs Are Run And Checked (Page-104), The System Centre (Page-120), Faster (Page-138), Floating Point (Page-155), Input And Output (Page-191), Files And Files Devices (Page-218), Multiprogramming (Page-260), The Architecture Of A Range (Page-287). | ||
| 650 | 0 | _aElectronic data processing. | |
| 650 | 0 | _aElectronic digital computers. | |
| 942 |
_2ddc _cBK _k 004,EME |
||
| 999 |
_c179479 _d179479 |
||